000 00277 a2200109 4500
001 55939
082 _a629.1329 ROS
090 _c34642
_d34642
100 _aRoskam JOHN
245 _aAirplane flight dynamics;Automatic flight controls
260 _aUSA
_bDar-ul-Arshad
_c1995
942 _aNUST-CAE
_k629.1329 ROS
999 _c291012
_d291012